| 000 | 00991nam a2200205Ia 4500 | ||
|---|---|---|---|
| 003 | Ost | ||
| 005 | 20260507075018.0 | ||
| 008 | 260507s9999||||xx |||||||||||||| ||und|| | ||
| 040 | _cfsecg | ||
| 041 | _aara | ||
| 082 | _a1.6 | ||
| 100 |
_aحسين، أحمد حسين علي _eمؤلف |
||
| 245 | 0 |
_aدليلك في تحليل وتصميم النظم / _c أحمد حسين علي حسين |
|
| 260 |
_aالإسكندرية: _bالدار الجامعية, _c2003 |
||
| 300 |
_a404 صفحة؛ _bإيضاحات ؛ _c24 سم |
||
| 520 | _aنظم المعلومات في بيئة الأعمال الحديثة-مفهوم النظم-أساسيات نظم المعلومات-أنواع نظم المعلومات-مدخل النظم لحل المشاكل-أدوات تحليل وتصميم النظم-تحليل النظم-تصميم وتقييم النظم | ||
| 653 | _aإدارة الأعمال | ||
| 653 | _aنظم المعلومات- المؤسسة الممتدة | ||
| 942 | _cكتاب | ||
| 999 |
_c42238 _d42238 |
||